[Event "Guipuzcoa-ch Segunda B"]
[Site "Guipuzcoa"]
[Date "2017.10.28"]
[Round "3.1"]
[White "Arocena Uria, Jaime"]
[Black "Isasmendi Aguirre, Patxi"]
[Result "1/2-1/2"]
[WhiteElo "1815"]
[BlackElo "781"]
[PlyCount "30"]
[EventDate "2017.10.14"]
[EventType "swiss"]
[EventRounds "5"]
[EventCountry "ESP"]
[SourceTitle "EXT 2024"]
[Source "ChessBase"]
[SourceDate "2023.10.10"]
[SourceVersion "1"]
[SourceVersionDate "2023.10.10"]
[SourceQuality "1"]

1. e4 c5 2. Nf3 g6 3. d4 cxd4 4. Nxd4 Bg7 5. Nc3 Nc6 6. Be3 Nf6 7. Bc4 Qa5 8. 0-0 d6 9. f3 0-0 10. Qd2 Bd7 11. Bb3 Rac8 12. Nxc6 Bxc6 13. Bh6 Nd7 14. Bxg7 Kxg7 15. Qd4+ Qe5 1/2-1/2